000 00671cam a22001935a 4500
001 L155501
008 120327s1813 xxk f 000 0 eng d
035 _a(Sirsi) u155501
041 0 _aeng
100 1 _aDavis, Thomas
245 0 0 _aGeneral view of the agriculture of Wiltshire drawn up and published by order of the Board of Agriculture and Internal Improvement
260 _aLondon
_bPrinted for Sherwood, Neely, and Jones
_c1813
300 _axix, 268 p., [1] leaf of plates
_bill., map
_c23 cm.
583 _aCondition reviewed
_c20120620
_lcondition level 3
651 4 _aEngland
_y886-
690 _aRural
_96268
710 1 _aBoard of Agriculture
942 _n0
999 _c113613
_d113613